|
|
|
|
| LEADER |
03616nam a22004215i 4500 |
| 001 |
978-88-470-1514-2 |
| 003 |
DE-He213 |
| 005 |
20151204145621.0 |
| 007 |
cr nn 008mamaa |
| 008 |
101105s2010 it | s |||| 0|ita d |
| 020 |
|
|
|a 9788847015142
|9 978-88-470-1514-2
|
| 024 |
7 |
|
|a 10.1007/978-88-470-1514-2
|2 doi
|
| 040 |
|
|
|d GrThAP
|
| 050 |
|
4 |
|a BF1-990
|
| 072 |
|
7 |
|a JM
|2 bicssc
|
| 072 |
|
7 |
|a PSY000000
|2 bisacsh
|
| 082 |
0 |
4 |
|a 150
|2 23
|
| 100 |
1 |
|
|a Gunderson, John G.
|e author.
|
| 245 |
1 |
0 |
|a Disturbo di personalitá borderline
|h [electronic resource] :
|b Una guida per professionisti e familiari /
|c by John G. Gunderson, Perry D. Hoffman ; edited by Massimo Clerici.
|
| 264 |
|
1 |
|a Milano :
|b Springer Milan,
|c 2010.
|
| 300 |
|
|
|a XXVI, 150 pagg.
|b online resource.
|
| 336 |
|
|
|a text
|b txt
|2 rdacontent
|
| 337 |
|
|
|a computer
|b c
|2 rdamedia
|
| 338 |
|
|
|a online resource
|b cr
|2 rdacarrier
|
| 347 |
|
|
|a text file
|b PDF
|2 rda
|
| 505 |
0 |
|
|a Diagnosi, terapia eprognosi -- La diagnosi borderline: concetii, criteri e controversie -- Le psicoterapie per il disturbo di personalità borderline -- Comportamenti suicidari eautolesivi nel disturbo di personalità borderline. Un modello di auto-regolazione -- La terapia farmacologica nel disturbo di personalità borderline -- II decorso longitudinale del disturbo di personalità borderline -- Questioni di famiglia -- Vivere con il disturbo di personalità borderline. Due descrizioni di prima mano -- Prospettive familiari sul disturbo di personalità borderline -- Dal trauma familiare al sistema di supporto alla famiglia -- Il coinvolgimento della famiglia nel trattamento.
|
| 520 |
|
|
|a Disturbo di personalità borderline è un testo conciso, chiaro, e prevalentemente pratico, che offre un prezioso aggiornamento ai professionisti della salute mentale soddisfacendo contemporaneamente la grande richiesta di informazione e supporto che proviene dagli stessi pazienti e dalle loro famiglie e amici. I capitoli dedicati alla famiglia danno voce a esperienze vissute, rinforzando la speranza che il coinvolgimento del gruppo familiare nella terapia possa essere di beneficio per tutti. Questo volume - allo stesso tempo professionale e divulgativo - raccoglie i lungimiranti e aggiornati punti di vista di 15 esperti. Gli autori offrono un nuovo modo di interpretare il DPB, suggerendo che fattori genetici e gli eventi stressanti possono combinarsi per scatenare la sua insorgenza; portano inoltre nuove evidenze a supporto dei benefici ottenuti con specifiche terapie farmacologiche e diverse forma di psicoterapia, tra cui la terapia comportamentale dialettica. Infine, si offrono nuove risorse alle famiglie per aiutarle a rapportarsi con l'affettività e l'emotività sregolate di chi è affetto da queste disturbo e per costruire efficaci sistemi di supporto per se stesse. Il testo si concentra soprattutto sull’importanza dell’alleanza tra gli operatori della salute mentale e le famiglie dei pazienti affetti da DPB, sui vantaggi che tale collaborazione può portare nella comprensione e nel trattamento di questo disturbo e, nel contempo, offre a tutte le parti coinvolte una grande speranza per il futuro.
|
| 650 |
|
0 |
|a Psychology.
|
| 650 |
1 |
4 |
|a Psychology.
|
| 650 |
2 |
4 |
|a Psychology, general.
|
| 700 |
1 |
|
|a Hoffman, Perry D.
|e author.
|
| 700 |
1 |
|
|a Clerici, Massimo.
|e editor.
|
| 710 |
2 |
|
|a SpringerLink (Online service)
|
| 773 |
0 |
|
|t Springer eBooks
|
| 776 |
0 |
8 |
|i Printed edition:
|z 9788847015135
|
| 856 |
4 |
0 |
|u http://dx.doi.org/10.1007/978-88-470-1514-2
|z Full Text via HEAL-Link
|
| 912 |
|
|
|a ZDB-2-SME
|
| 950 |
|
|
|a Medicine (Springer-11650)
|